000 00422nam a2200181Ia 4500
001 4356
005 20260306145750.0
008 260306t2000||||xx |||||||||||||| ||spa||
041 _aESP
082 _a320.985
_bD75A
100 _aDiez Canseco Terry, Raúl
_eAUT
245 0 _aUn puente al futuro
260 _c2000
300 _a103 páginas :
_c21 cm.
650 _aGEN
654 _aCDE
942 _cLIB
_dJUS
_fJUS
_2ddc
_n
999 _c4356
_d4356